00233nam a22000737a 4500100002900000245006600029260005500095300000900150 aPeramunagama, Dinushi.N. aComparative Study in Different Maturity stages of jack fruit/ aRajaguriya.binstitute of Chemical Science,c2017. a41p;